Statistics for ACE Roller Coaster Landmarks

Click here to take the quiz!

General Stats

  • This quiz has been taken 13 times
  • The average score is 32 of 47

Answer Stats

ParkYear OpenedAnswer% Correct
Conneaut Lake Park1938-2019Blue Streak
100%
Cedar Point1964Blue Streak
100%
Hersheypark1946Comet
90%
Lakeside Amusement Park1940Cyclone
90%
Luna Park Coney Island1927Cyclone
90%
Seabreeze Amusement Park1920Jack Rabbit
90%
Kennywood1920Jack Rabbit
90%
Six Flags Great Escape
(Crystal Beach)
1994
(1948-1989)
The Comet
90%
Geauga Lake1925-2007Big Dipper
80%
Camden Park1958Big Dipper
80%
Silverwood Theme Park
(Knott's Berry Farm)
1990
(1975-1989)
Corkscrew
80%
Busch Gardens Williamsburg1978Loch Ness Monster
80%
Knoebels
(Playland Park)
1985
(1947-1980)
Phoenix
80%
Kings Island1979The Beast
80%
Holiday World1995The Raven
80%
Lake Compounce1927Wildcat
80%
Six Flags Great America1992Batman the Ride
70%
Lakemont Park1902Leap The Dips
70%
Cedar Point1989Magnum XL-200
70%
Disneyland1959Matterhorn Bobsleds
70%
Six Flags Magic Mountain1976New Revolution
70%
Kennywood1927Racer
70%
Kings Dominion1975Racer 75
70%
Kings Island1972The Racer
70%
Kennywood1924 (expanded in 1968)Thunderbolt
70%
Six Flags New England
(New York World's Fair)
1941
(1939-1940)
Thunderbolt
70%
Six Flags Great America1976Whizzer
70%
Six Flags America
(Paragon Park)
1986
(1917-1985)
Wild One
70%
Playland at the PNE1958Coaster
60%
Belmont Park1925Giant Dipper
60%
Santa Cruz Beach Boardwalk1924Giant Dipper
60%
Six Flags Over Georgia1973Great American Scream Machine
60%
Arnolds Park1930Legend
60%
La Feria de Chapultepec Magico1964-2019Montana Rusa
60%
Knott's Berry Farm1978Montezooma's Revenge
60%
Lagoon1921Roller Coaster
60%
Six Flags Over Texas1966Runaway Mine Train
60%
Six Flags St. Louis1976Screamin' Eagle
60%
Washington State Fair1935Classic Coaster
50%
Columbus Zoo1956Sea Dragon
50%
Dorney Park1924Thunderhawk
50%
Canobie Lake Park
(Lakewood Park)
1936
(1930-1935)
Yankee Cannonball
50%
Lake Winnepesaukah1967Cannon Ball
40%
Six Flags Over Georgia1978Riddler Mindbender
40%
Family Kingdom1966Swamp Fox
40%
Playland Park1929Dragon Coaster
30%
Playland Park1928Kiddy Coaster
30%

Score Distribution

Percentile by Number Answered

Percent of People with Each Score

Your Score History

You have not taken this quiz